000 01255nam a2200337 4500
001 0000020879
003 CO-CtgCURN
005 20250331184415.0
007 ta
008 160627s2004 000 0 eng d
020 _a9583504513
040 _aCO-CtgCURN
_bspa
_ccoctgcurn
082 0 _a340.1
_bK58l
100 1 _aKlug, Ulrich.
245 1 0 _aLogica juridica /
_cUlrich Klug , traducción de J. C. Gardella.
260 _aBogotá :
_bTemis,
_c2004.
300 _a287 p.
336 _2rdacontent
337 _2rdamedia
_asin mediacion
_bn
338 _2rdacarrier
_avolumen
_bnc
500 _aIncluye indices\Titulo original. Juristische logik.
504 _aBibliografia (p. 269-277)
505 8 _aIntroducción.--Teorias fundamentales de la logica pura, explicadas con ejemplos de la logica juridica.--Argumentos especiales de la logica juridica.--Logica, ciencia del derecho filosofia juridica
650 1 4 _aLogica (Derecho)
700 1 _aGardella, J. C.,
_eTraductor.
908 _a160627
942 _cBK
_h340.1
_iK58l
_2ddc
999 _c18720
_d18720